1397 1935 1506 1900 1089 1574 1756 1738 1994 1226 1446 1820 1690 1350 1230 1409 1566 1100 1261 1045 1903 1106 1214 1606 1107 1042 1292 1145 1860 1862 1320 1719 1615 1959 1820 1226 1623 1380 1177 1046 1817 1839 1951 1091 1480 1901 1224 1687 1438 1714 1651 1980 1273 1111 1345 1736 1246 1271 1558 1006 1316 1839 1527 1378 1171 1223 1032 1096 1563 1757 1365 1069 1065 1809 1703 1662 1723 1559 1026 1215 1029 1019 1642 1369 1323 1113 1617 1301 1523 1306 1926 1245 1468 1898 1742 1692 1552 1835 1829 BCNSPRNW ULIB Ver.6.0+V

เปลี่ยนเป็นภาษาไทย

Change to English
 แสดงรายละเอียดบรรณานุกรม
  กลับหน้าหลัก

Brief Record : Get Marc (ISO 2709) : E-mail record : QR code < ปิดหน้าต่าง
LEADER : 00000nam 2200000uu 4500
001    13399108254
003     ULIB
008    110225s2008||||th 000 0 eng d
020    9781405332521
060  4 QS17^bW183D
100 1  Richard Walker
245 14 Dr.Frankensteins human body book /^cRichard Walker
250    1st ed.
260    London. :^bDorling Kindersley Limited,^c2008
300    93 p.
650  0 Human anatomy
650  0 Body, Human
945    ^p900^l0^i029015
995    Tossaporn Kasorntong
999 ^a ใช้งานได้ทุกระบบ
รายการนี้ยังไม่มีแท็ก
คุณยังไม่ได้ล็อกอิน คุณสามารถมีกิจกรรมร่วมกับเว็บไซต์ได้ แต่ต้องล็อกอินก่อน ::
  ล็อกอิน

รายการสื่อสารสนเทศ

ลำดับที่ ประเภท เลขเรียก/บาร์โค้ด สถานที่ สถานะ
- ไม่พบข้อมูล -

รายการใกล้เคียง
    ผู้แต่ง [Richard Walker]

    หัวเรื่อง [Human anatomy]
    หัวเรื่อง [Body, Human]

BibComment


ยังไม่เคยถูกคอมเมนท์

คอมเมนท์ทรัพยากรรายการนี้
  คอมเมนท์: DrFrankensteins h..


 Copyright 2026. Bcnsprnw @Library